[Event "DVM U12 2021"]
[Site "Naumburg (Saale) GER"]
[Date "2022.03.27"]
[Round "5"]
[White "Wolf, Anna"]
[Black "Strubelt, Björn"]
[Result "1-0"]
[Termination "normal"]
[Board "9.4"]
[WhiteElo "1205"]
[BlackElo "1079"]
[WhiteTeam "Vorwärts Orient Mainz"]
[BlackTeam "SC Leipzig-Lindenau"]
[WhiteFideId "34616993"]
[BlackFideId "34617019"]
[EventCountry "GER"]
[EventRounds "6"]
[EventType "team-swiss"]
[EventDate "2022.03.24"]

1. e4 e5 2. Nf3 Nc6 3. Bc4 Nf6 4. d3 Be7 5. Nc3 O-O 6. O-O b6 7. Be3 h6 8. a3
Bb7 9. b4 d6 10. h3 a6 11. Nh2 Qd7 12. Qf3 a5 13. b5 Nd8 14. Rfe1 c6 15. d4 d5
16. dxe5 dxe4 17. Qg3 Nh5 18. Qg6 Ne6 19. Qxh5 cxb5 20. Bxb5 Bc6 21. Rad1 Qc7
22. Qg4 Bxb5 23. Nxb5 Qxe5 24. Nd4 Rad8 25. Nf5 Bg5 26. Bxb6 Qc3 27. Bxd8 Rxd8
28. Rxd8+ Nxd8 29. Qxe4 Qf6 30. Nf3 Qe6 31. Qa8 Qc6 32. Qxa5 Qd7 33. Nxg5 Nc6
34. Qa8+ Nd8 35. Ne7+ Kh8 36. Nxf7+ Kh7 37. Qe4+ g6 38. Qxg6# 1-0

[Event "DVM U12 2021"]
[Site "Naumburg (Saale) GER"]
[Date "2022.03.28"]
[Round "6"]
[White "Ermitsch, Magnus"]
[Black "Haubold, Sebastian Marcel"]
[Result "1-0"]
[Termination "normal"]
[Board "1.1"]
[WhiteElo "2127"]
[BlackElo "1869"]
[WhiteClock "00:15:42"]
[BlackClock "00:19:40"]
[WhiteTeam "SC Borussia Lichtenberg"]
[BlackTeam "SG Einheit Staßfurt"]
[PlyCount "119"]
[WhiteFideId "16234464"]
[BlackFideId "16259637"]
[EventCountry "GER"]
[EventRounds "6"]
[EventType "team-swiss"]
[EventDate "2022.03.24"]

1. e4 {[%clk 1:30:57]} e5 {[%clk 1:30:54]} 2. Nf3 {[%clk 1:31:23]} Nc6 {[%clk
1:31:16]} 3. Bb5 {[%clk 1:31:37]} a6 {[%clk 1:31:32]} 4. Ba4 {[%clk 1:32:02]}
Nf6 {[%clk 1:31:25]} 5. O-O {[%clk 1:32:25]} Be7 {[%clk 1:31:45]} 6. d3 {[%clk
1:32:50]} b5 {[%clk 1:31:10]} 7. Bb3 {[%clk 1:33:13]} O-O {[%clk 1:31:14]} 8.
a4 {[%clk 1:33:26]} Bb7 {[%clk 1:30:54]} 9. Nc3 {[%clk 1:33:26]} b4 {[%clk
1:24:56]} 10. Nd5 {[%clk 1:33:38]} Nxd5 {[%clk 1:24:56]} 11. Bxd5 {[%clk
1:32:06]} d6 {[%clk 1:14:54]} 12. c3 {[%clk 1:31:48]} bxc3 {[%clk 1:08:57]} 13.
bxc3 {[%clk 1:31:07]} Na5 {[%clk 1:07:07]} 14. Bxb7 {[%clk 1:24:27]} Nxb7
{[%clk 1:07:35]} 15. Be3 {[%clk 1:21:23]} Qd7 {[%clk 1:03:55]} 16. Qb3 {[%clk
1:19:22]} Rfb8 {[%clk 1:00:56]} 17. Rfb1 {[%clk 1:17:03]} Nd8 {[%clk 0:53:55]}
18. Qxb8 {[%clk 1:15:47]} Rxb8 {[%clk 0:53:31]} 19. Rxb8 {[%clk 1:16:11]} f6
{[%clk 0:48:57]} 20. c4 {[%clk 1:06:06]} Kf7 {[%clk 0:44:22]} 21. Ne1 {[%clk
1:05:01]} Nc6 {[%clk 0:37:27]} 22. Rb7 {[%clk 1:04:29]} Na5 {[%clk 0:37:18]}
23. Ra7 {[%clk 1:01:13]} Qc6 {[%clk 0:35:15]} 24. Nc2 {[%clk 0:59:49]} Nb3
{[%clk 0:32:20]} 25. Nb4 {[%clk 0:59:13]} Qd7 {[%clk 0:32:36]} 26. Ra3 {[%clk
0:58:52]} Nd4 {[%clk 0:29:29]} 27. Bxd4 {[%clk 0:56:30]} exd4 {[%clk 0:28:09]}
28. h3 {[%clk 0:56:23]} a5 {[%clk 0:26:26]} 29. Rxa5 {[%clk 0:37:51]} c6 {[%clk
0:26:36]} 30. Ra1 {[%clk 0:22:51]} Qb7 {[%clk 0:26:18]} 31. Nxc6 {[%clk
0:09:28]} Qxc6 {[%clk 0:26:39]} 32. Rb5 {[%clk 0:09:50]} Qa6 {[%clk 0:22:52]}
33. a5 {[%clk 0:08:36]} h6 {[%clk 0:19:49]} 34. Rb6 {[%clk 0:07:56]} Qa7 {[%clk
0:18:04]} 35. a6 {[%clk 0:07:54]} Qxb6 {[%clk 0:15:58]} 36. a7 {[%clk 0:08:13]}
Qxa7 {[%clk 0:16:24]} 37. Rxa7 {[%clk 0:08:37]} Ke6 {[%clk 0:16:46]} 38. f4
{[%clk 0:08:55]} g6 {[%clk 0:16:23]} 39. g4 {[%clk 0:09:05]} Bf8 {[%clk
0:16:06]} 40. Kg2 {[%clk 0:09:20]} f5 {[%clk 0:16:21]} 41. Kf3 {[%clk 0:09:40]}
Kf6 {[%clk 0:15:18]} 42. Ra6 {[%clk 0:09:06]} fxg4+ {[%clk 0:14:55]} 43. hxg4
{[%clk 0:09:30]} Kf7 {[%clk 0:14:54]} 44. f5 {[%clk 0:09:51]} gxf5 {[%clk
0:15:17]} 45. gxf5 {[%clk 0:10:14]} h5 {[%clk 0:15:34]} 46. Kg3 {[%clk
0:10:19]} Be7 {[%clk 0:15:25]} 47. Ra7 {[%clk 0:10:45]} Kf8 {[%clk 0:15:16]}
48. Rxe7 {[%clk 0:11:03]} Kxe7 {[%clk 0:15:39]} 49. Kh4 {[%clk 0:11:29]} Kf6
{[%clk 0:16:04]} 50. Kxh5 {[%clk 0:11:53]} Ke5 {[%clk 0:16:31]} 51. Kg5 {[%clk
0:12:08]} d5 {[%clk 0:16:54]} 52. cxd5 {[%clk 0:12:36]} Kd6 {[%clk 0:17:12]}
53. f6 {[%clk 0:13:01]} Kd7 {[%clk 0:17:37]} 54. e5 {[%clk 0:13:28]} Ke8 {[%clk
0:17:59]} 55. e6 {[%clk 0:13:53]} Kd8 {[%clk 0:18:22]} 56. f7 {[%clk 0:14:18]}
Ke7 {[%clk 0:18:42]} 57. d6+ {[%clk 0:14:45]} Kf8 {[%clk 0:19:01]} 58. d7
{[%clk 0:15:09]} Ke7 {[%clk 0:19:18]} 59. Kf5 {[%clk 0:15:23]} Kf8 {[%clk
0:19:40]} 60. d8=Q+ {[%clk 0:15:42]} 1-0

[Event "DVM U12 2021"]
[Site "Naumburg (Saale) GER"]
[Date "2022.03.28"]
[Round "6"]
[White "Haubold, Christian Lucas"]
[Black "Zobel, Christian"]
[Result "0-1"]
[Termination "normal"]
[Board "1.2"]
[WhiteElo "1808"]
[BlackElo "1547"]
[WhiteClock "00:12:04"]
[BlackClock "00:24:32"]
[WhiteTeam "SG Einheit Staßfurt"]
[BlackTeam "SC Borussia Lichtenberg"]
[PlyCount "66"]
[WhiteFideId "16259629"]
[BlackFideId "16259068"]
[EventCountry "GER"]
[EventRounds "6"]
[EventType "team-swiss"]
[EventDate "2022.03.24"]

1. e4 {[%clk 1:30:57]} e5 {[%clk 1:30:56]} 2. Nf3 {[%clk 1:31:21]} Nf6 {[%clk
1:31:22]} 3. Nxe5 {[%clk 1:31:16]} d6 {[%clk 1:31:47]} 4. Nf3 {[%clk 1:31:21]}
Nxe4 {[%clk 1:32:11]} 5. d4 {[%clk 1:31:09]} d5 {[%clk 1:32:02]} 6. Bd3 {[%clk
1:30:53]} Bd6 {[%clk 1:31:26]} 7. O-O {[%clk 1:30:17]} O-O {[%clk 1:29:46]} 8.
c4 {[%clk 1:28:36]} c6 {[%clk 1:28:15]} 9. Qc2 {[%clk 1:27:42]} f5 {[%clk
1:23:52]} 10. Nc3 {[%clk 1:23:18]} Be6 {[%clk 1:19:44]} 11. b3 {[%clk 1:15:16]}
Nd7 {[%clk 1:14:55]} 12. Re1 {[%clk 0:59:52]} Bf7 {[%clk 1:08:42]} 13. a3
{[%clk 0:47:58]} Rc8 {[%clk 1:03:05]} 14. c5 {[%clk 0:42:44]} Bb8 {[%clk
0:59:39]} 15. Ne2 {[%clk 0:32:17]} Bh5 {[%clk 0:51:00]} 16. Bxe4 {[%clk
0:31:29]} fxe4 {[%clk 0:49:05]} 17. Ng5 {[%clk 0:30:35]} Qf6 {[%clk 0:44:47]}
18. Be3 {[%clk 0:29:07]} h6 {[%clk 0:41:29]} 19. Nh3 {[%clk 0:28:29]} Bg4
{[%clk 0:39:51]} 20. Nhf4 {[%clk 0:24:12]} g5 {[%clk 0:39:20]} 21. Nh3 {[%clk
0:24:14]} Bxh3 {[%clk 0:39:44]} 22. gxh3 {[%clk 0:24:39]} Qf5 {[%clk 0:37:36]}
23. Ng3 {[%clk 0:23:30]} Qxh3 {[%clk 0:37:37]} 24. Qe2 {[%clk 0:21:20]} Rf3
{[%clk 0:32:53]} 25. Qf1 {[%clk 0:21:13]} Qh4 {[%clk 0:30:57]} 26. Qg2 {[%clk
0:18:36]} Nf6 {[%clk 0:28:34]} 27. b4 {[%clk 0:16:29]} Nh5 {[%clk 0:27:01]} 28.
a4 {[%clk 0:12:18]} Nxg3 {[%clk 0:25:03]} 29. hxg3 {[%clk 0:11:45]} Bxg3 {[%clk
0:25:26]} 30. Kf1 {[%clk 0:11:58]} Rcf8 {[%clk 0:24:29]} 31. Ra2 {[%clk
0:12:10]} Bf4 {[%clk 0:23:52]} 32. Bxf4 {[%clk 0:11:58]} R3xf4 {[%clk 0:24:13]}
33. Ree2 {[%clk 0:12:04]} Rg4 {[%clk 0:24:32]} 0-1

[Event "DVM U12 2021"]
[Site "Naumburg (Saale) GER"]
[Date "2022.03.28"]
[Round "6"]
[White "Wartenberg, Alissa"]
[Black "Zimmer, Tim"]
[Result "1-0"]
[Termination "normal"]
[Board "3.2"]
[WhiteElo "1672"]
[BlackElo "1170"]
[WhiteClock "00:46:41"]
[BlackClock "00:29:25"]
[WhiteTeam "Hamburger SK von 1830 eV"]
[BlackTeam "SV Werder Bremen"]
[PlyCount "73"]
[WhiteFideId "16280741"]
[BlackFideId "34603115"]
[EventCountry "GER"]
[EventRounds "6"]
[EventType "team-swiss"]
[EventDate "2022.03.24"]

1. e4 {[%clk 1:30:57]} e5 {[%clk 1:30:54]} 2. Nf3 {[%clk 1:31:24]} Nc6 {[%clk
1:31:17]} 3. Nc3 {[%clk 1:31:50]} Nf6 {[%clk 1:31:09]} 4. d4 {[%clk 1:32:18]}
exd4 {[%clk 1:30:12]} 5. Nxd4 {[%clk 1:32:44]} Bb4 {[%clk 1:30:05]} 6. Nxc6
{[%clk 1:33:10]} bxc6 {[%clk 1:30:26]} 7. Bd3 {[%clk 1:33:37]} d5 {[%clk
1:28:55]} 8. exd5 {[%clk 1:34:03]} cxd5 {[%clk 1:29:14]} 9. O-O {[%clk
1:34:30]} O-O {[%clk 1:28:24]} 10. Bg5 {[%clk 1:34:56]} c6 {[%clk 1:28:40]} 11.
Qf3 {[%clk 1:35:12]} Bd6 {[%clk 1:28:40]} 12. h3 {[%clk 1:34:18]} Bd7 {[%clk
1:29:04]} 13. Rfe1 {[%clk 1:34:21]} Rb8 {[%clk 1:28:14]} 14. Rab1 {[%clk
1:33:02]} Rb7 {[%clk 1:14:48]} 15. Ne2 {[%clk 1:23:44]} Re8 {[%clk 1:07:34]}
16. b3 {[%clk 1:15:32]} Rb8 {[%clk 0:59:03]} 17. Ng3 {[%clk 1:15:05]} Be5
{[%clk 0:55:40]} 18. Nh5 {[%clk 1:08:15]} h6 {[%clk 0:49:15]} 19. Rxe5 {[%clk
1:00:00]} Rxe5 {[%clk 0:49:26]} 20. Nxf6+ {[%clk 1:00:25]} Kh8 {[%clk 0:46:01]}
21. Nxd7 {[%clk 1:00:18]} Qxd7 {[%clk 0:44:14]} 22. Bf4 {[%clk 1:00:38]} Rbe8
{[%clk 0:44:21]} 23. Bxe5 {[%clk 1:00:51]} Rxe5 {[%clk 0:44:42]} 24. Qf4 {[%clk
1:01:16]} Qe7 {[%clk 0:44:50]} 25. c4 {[%clk 1:01:13]} g5 {[%clk 0:43:36]} 26.
Qf3 {[%clk 0:59:51]} d4 {[%clk 0:40:54]} 27. Qxc6 {[%clk 0:59:54]} Kg7 {[%clk
0:40:25]} 28. Bf1 {[%clk 0:58:47]} Rf5 {[%clk 0:36:28]} 29. b4 {[%clk 0:56:31]}
Qe5 {[%clk 0:35:15]} 30. Qa4 {[%clk 0:54:09]} Qe4 {[%clk 0:34:21]} 31. Qb3
{[%clk 0:52:27]} Qf4 {[%clk 0:33:42]} 32. Qg3 {[%clk 0:51:45]} Qd2 {[%clk
0:33:33]} 33. a3 {[%clk 0:50:13]} h5 {[%clk 0:33:20]} 34. h4 {[%clk 0:48:42]}
g4 {[%clk 0:31:21]} 35. Bd3 {[%clk 0:49:01]} Rf6 {[%clk 0:30:26]} 36. Rf1
{[%clk 0:48:54]} Qa2 {[%clk 0:29:25]} 37. Qe5 {[%clk 0:46:41]} 1-0

[Event "DVM U12 2021"]
[Site "Naumburg (Saale) GER"]
[Date "2022.03.28"]
[Round "6"]
[White "Fruth, David"]
[Black "Moldovan, Tatiana"]
[Result "1-0"]
[Termination "normal"]
[Board "6.1"]
[WhiteElo "1607"]
[BlackElo "1403"]
[WhiteClock "01:08:51"]
[BlackClock "00:35:29"]
[WhiteTeam "USV TU Dresden"]
[BlackTeam "SG Königskinder Hohentübingen e.V."]
[PlyCount "85"]
[WhiteFideId "16257596"]
[BlackFideId "16287398"]
[EventCountry "GER"]
[EventRounds "6"]
[EventType "team-swiss"]
[EventDate "2022.03.24"]

1. e4 {[%clk 1:29:01]} c5 {[%clk 1:30:02]} 2. Nf3 {[%clk 1:29:26]} a6 {[%clk
1:30:29]} 3. c3 {[%clk 1:29:47]} d5 {[%clk 1:30:52]} 4. exd5 {[%clk 1:30:13]}
Qxd5 {[%clk 1:31:14]} 5. d4 {[%clk 1:30:38]} e6 {[%clk 1:30:33]} 6. Be2 {[%clk
1:31:02]} Nf6 {[%clk 1:30:20]} 7. O-O {[%clk 1:31:26]} Be7 {[%clk 1:29:03]} 8.
Ne5 {[%clk 1:31:34]} Nc6 {[%clk 1:25:22]} 9. Bf3 {[%clk 1:31:38]} Qd6 {[%clk
1:25:19]} 10. Nxc6 {[%clk 1:30:59]} bxc6 {[%clk 1:25:37]} 11. Bf4 {[%clk
1:22:28]} Qd7 {[%clk 1:20:58]} 12. dxc5 {[%clk 1:22:00]} Bxc5 {[%clk 1:20:49]}
13. Qa4 {[%clk 1:21:44]} Bb7 {[%clk 1:17:27]} 14. Rd1 {[%clk 1:21:57]} Qc8
{[%clk 1:17:20]} 15. Bd6 {[%clk 1:18:45]} Ba7 {[%clk 1:16:52]} 16. Be5 {[%clk
1:17:19]} Kf8 {[%clk 1:14:31]} 17. Qb4+ {[%clk 1:17:14]} Ke8 {[%clk 1:14:20]}
18. Na3 {[%clk 1:15:49]} Nd5 {[%clk 1:13:45]} 19. Qg4 {[%clk 1:15:18]} Rg8
{[%clk 0:59:10]} 20. Nc4 {[%clk 1:13:52]} Ke7 {[%clk 0:53:40]} 21. Nd6 {[%clk
1:12:54]} Qd7 {[%clk 0:52:31]} 22. c4 {[%clk 1:13:11]} Bb8 {[%clk 0:51:34]} 23.
cxd5 {[%clk 1:12:52]} cxd5 {[%clk 0:49:01]} 24. Qb4 {[%clk 1:10:47]} Bxd6
{[%clk 0:46:14]} 25. Bxd6+ {[%clk 1:10:59]} Qxd6 {[%clk 0:45:41]} 26. Qxb7+
{[%clk 1:11:03]} Kf6 {[%clk 0:45:58]} 27. Qb3 {[%clk 1:10:50]} Rgc8 {[%clk
0:44:52]} 28. Qe3 {[%clk 1:07:18]} Rab8 {[%clk 0:41:04]} 29. b3 {[%clk
1:07:06]} Rb7 {[%clk 0:39:56]} 30. Qd4+ {[%clk 1:07:19]} Kg6 {[%clk 0:39:04]}
31. Qg4+ {[%clk 1:06:49]} Kf6 {[%clk 0:38:07]} 32. Bxd5 {[%clk 1:07:01]} Rb4
{[%clk 0:36:59]} 33. Bc4 {[%clk 1:07:10]} Qc6 {[%clk 0:36:20]} 34. Qh4+ {[%clk
1:07:27]} g5 {[%clk 0:35:29]} 35. Qh6+ {[%clk 1:07:50]} Ke7 {[%clk 0:35:50]}
36. Qxg5+ {[%clk 1:08:15]} Kf8 {[%clk 0:35:29]} 37. Qh6+ {[%clk 1:08:39]} Ke7
{[%clk 0:35:04]} 38. Qh4+ {[%clk 1:08:44]} Ke8 {[%clk 0:34:57]} 39. Qxh7 {[%clk
1:08:57]} Rbb8 {[%clk 0:35:22]} 40. Rac1 {[%clk 1:08:26]} Qb7 {[%clk 0:35:27]}
41. Bxe6 {[%clk 1:08:23]} Rxc1 {[%clk 0:35:24]} 42. Qg8+ {[%clk 1:08:51]} Ke7
{[%clk 0:35:29]} 43. Qxf7# 1-0

[Event "DVM U12 2021"]
[Site "Naumburg (Saale) GER"]
[Date "2022.03.28"]
[Round "6"]
[White "Bock, Leonas"]
[Black "Cheng, Noah"]
[Result "0-1"]
[Termination "normal"]
[Board "7.1"]
[WhiteElo "1341"]
[BlackElo "1229"]
[WhiteTeam "SSV Vimaria 91 Weimar"]
[BlackTeam "Schachverein Erftstadt e. V."]
[WhiteFideId "16287118"]
[BlackFideId "16294637"]
[EventCountry "GER"]
[EventRounds "6"]
[EventType "team-swiss"]
[EventDate "2022.03.24"]

1. d4 Nf6 2. Nf3 d5 3. e3 e6 4. Bd3 c5 5. b3 Nc6 6. Bb2 Be7 7. O-O O-O 8. Nbd2
Bd7 9. Ne5 Nxe5 10. dxe5 Ne8 11. f4 Nc7 12. Rf3 f5 13. Rh3 Qe8 14. Qe2 Bc6 15.
Rf1 Rd8 16. g4 b5 17. c4 dxc4 18. bxc4 bxc4 19. Nxc4 Qd7 20. Bc2 Qd5 21. e4
fxe4 22. Rd1 Bb5 23. Rxd5 exd5 24. Bb3 dxc4 25. Bxc4+ Bxc4 26. Qxc4+ Kh8 27.
Qxe4 h6 28. Qc2 Rxf4 29. e6 Rxg4+ 30. Kh1 Kg8 31. Qe2 Rg5 32. Rd3 Nd5 33. h4
Rf5 34. Qg2 g5 35. Qe4 Rf1+ 36. Kg2 Nf4+ 37. Kxf1 Rxd3 38. Qe5 Rd1+ 39. Kf2
Nd3+ 40. Ke2 Nxe5 41. Kxd1 Nd3 0-1

[Event "DVM U12 2021"]
[Site "Naumburg (Saale) GER"]
[Date "2022.03.28"]
[Round "6"]
[White "Cordier, Jakob"]
[Black "Beberhold, Otto Richard"]
[Result "0-1"]
[Termination "normal"]
[Board "7.2"]
[WhiteElo "1335"]
[BlackElo "1368"]
[WhiteTeam "Schachverein Erftstadt e. V."]
[BlackTeam "SSV Vimaria 91 Weimar"]
[WhiteFideId "34617221"]
[BlackFideId "34617248"]
[EventCountry "GER"]
[EventRounds "6"]
[EventType "team-swiss"]
[EventDate "2022.03.24"]

1. d4 d5 2. c4 e6 3. Nc3 f5 4. Nf3 Nf6 5. Bg5 Nbd7 6. e3 c6 7. Be2 b6 8. O-O
Bd6 9. Rc1 O-O 10. cxd5 exd5 11. Qc2 Qc7 12. h3 Ne4 13. Bh4 h6 14. Nd2 g5 15.
Ncxe4 fxe4 16. Qxc6 Qxc6 17. Rxc6 Bb4 18. Bxg5 hxg5 19. Rg6+ Kh7 20. Rxg5 Bxd2
21. a3 Nf6 22. Rd1 Bxe3 23. fxe3 Kh6 24. Re5 Bd7 25. Rf1 Rae8 26. Bd1 Rxe5 27.
dxe5 Nh7 28. Rxf8 Nxf8 29. Bb3 Bc6 30. Kf2 Kg5 31. Kg3 Kf5 32. h4 Ng6 33. Ba2
Nxe5 34. Bb3 Nc4 35. Bxc4 dxc4 36. Kh3 Bd7 37. g4+ Kg6 38. Kg3 a5 39. Kf4 b5
40. Kxe4 Bxg4 41. Kd4 Bd7 42. a4 c3 43. Kxc3 bxa4 44. Kc4 Kh5 45. e4 Kxh4 46.
e5 Kg5 47. Kd5 Kf5 48. Kd4 Be6 49. Kc5 Kxe5 50. Kb5 Bb3 51. Kxa5 Kd4 52. Kb4
Kd3 53. Ka3 Kc2 54. Kb4 Kxb2 55. Kc5 a3 56. Kd4 a2 57. Kd3 a1=Q 58. Ke2 Qd1+
59. Ke3 Bd5 60. Kf2 Qf3+ 61. Kg1 Qg2# 0-1

[Event "DVM U12 2021"]
[Site "Naumburg (Saale) GER"]
[Date "2022.03.28"]
[Round "6"]
[White "Kalinin, Alexej"]
[Black "Schmitz, Constantin"]
[Result "0-1"]
[Termination "normal"]
[Board "7.3"]
[WhiteElo "1340"]
[BlackElo "1290"]
[WhiteTeam "SSV Vimaria 91 Weimar"]
[BlackTeam "Schachverein Erftstadt e. V."]
[WhiteFideId "34617167"]
[BlackFideId "16274660"]
[EventCountry "GER"]
[EventRounds "6"]
[EventType "team-swiss"]
[EventDate "2022.03.24"]

1. d4 d5 2. Nf3 Bf5 3. e3 Nf6 4. Bd3 Bxd3 5. cxd3 e6 6. Nc3 Nbd7 7. O-O Bd6 8.
e4 dxe4 9. dxe4 Bb4 10. e5 Nd5 11. Nxd5 exd5 12. a3 Be7 13. Re1 O-O 14. Qb3 Nb6
15. Qc2 Rc8 16. b4 Nc4 17. Qf5 c6 18. Rd1 a5 19. Qg4 Kh8 20. bxa5 Nxa5 21. Qf5
Nb3 22. Rb1 Nxc1 23. Rdxc1 Bxa3 24. Rc3 Qe7 25. Ng5 g6 26. Qf6+ Qxf6 27. exf6
Bd6 28. Rh3 h5 29. Rh4 Ra8 30. g4 Bf4 31. Nh3 Bd2 32. gxh5 Kh7 33. Rd1 g5 34.
Nxg5+ Bxg5 35. Rg4 Bxf6 36. Kg2 Rg8 37. h3 Ra4 38. Rxg8 Kxg8 39. Rb1 Ra7 40.
Rb4 Kh7 41. Kg3 Kh6 42. Kg4 Bd8 43. Rb3 b6 44. f4 Ra4 45. Rc3 Rc4 46. Rd3 Bf6
47. Kf5 Bxd4 48. Kg4 Bf6 49. Kf5 Bg7 50. Kg4 b5 51. h4 b4 52. Rf3 Rc3 53. Rf2
b3 54. Rf1 b2 55. Rb1 Rc1 56. Rxb2 Bxb2 57. Kf5 c5 58. Kg4 c4 59. Kf3 Re1 60.
Kg4 c3 61. Kf5 c2 62. Kg4 c1=Q 63. Kf5 Qc2+ 64. Kg4 Rg1+ 65. Kf3 Qg2+ 66. Ke3
d4+ 67. Kd3 Qd5 68. Kc2 Rg3 69. Kd1 Qg2 70. Ke1 Rh3 71. Kd1 Rh1# 0-1

[Event "DVM U12 2021"]
[Site "Naumburg (Saale) GER"]
[Date "2022.03.28"]
[Round "6"]
[White "Sander, Manuel"]
[Black "Roth, Andreas Christian"]
[Result "1-0"]
[Termination "normal"]
[Board "7.4"]
[WhiteElo "926"]
[BlackElo "1254"]
[WhiteTeam "Schachverein Erftstadt e. V."]
[BlackTeam "SSV Vimaria 91 Weimar"]
[WhiteFideId "34617060"]
[BlackFideId "34617086"]
[EventCountry "GER"]
[EventRounds "6"]
[EventType "team-swiss"]
[EventDate "2022.03.24"]

1. e4 d5 2. exd5 Qxd5 3. Nc3 Qa5 4. Nf3 Nf6 5. d4 c6 6. Bc4 Bf5 7. Bg5 Nbd7 8.
O-O e6 9. Re1 Be7 10. Ne5 Qc7 11. g4 Bg6 12. h4 h6 13. Bf4 Nxe5 14. Bxe5 Bd6
15. g5 Bxe5 16. dxe5 Nd5 17. Ne4 Bxe4 18. Rxe4 O-O-O 19. Qf3 hxg5 20. hxg5 f6
21. Qg3 f5 22. Rd4 g6 23. Re1 Rh7 24. b4 Rdh8 25. Kg2 f4 26. Qg4 Rh2+ 27. Kf3
R8h3+ 28. Ke2 Nc3+ 29. Kd2 Rxf2+ 30. Kc1 Rh8 31. Qxe6+ Kb8 32. Qxg6 b5 33. Bd3
Rd8 34. Rxd8+ Qxd8 35. Qxc6 Qd4 36. Qd6+ Qxd6 37. exd6 Nxa2+ 38. Kb1 Nxb4 39.
d7 Kc7 40. Bxb5 Rxc2 41. Rd1 Kd8 42. g6 Rc5 43. g7 Rg5 44. Re1 Rxb5 45. g8=Q+
Kc7 46. Qc8+ Kb6 47. d8=Q# 1-0

[Event "DVM U12 2021"]
[Site "Naumburg (Saale) GER"]
[Date "2022.03.28"]
[Round "6"]
[White "Cwiklik, Jonah"]
[Black "Mohammadzadeh, Daris"]
[Result "1/2-1/2"]
[Termination "normal"]
[Board "8.2"]
[WhiteElo "1409"]
[BlackElo "1335"]
[WhiteTeam "SC Postbauer-Heng e.V."]
[BlackTeam "Vorwärts Orient Mainz"]
[WhiteFideId "34607692"]
[BlackFideId "34604359"]
[EventCountry "GER"]
[EventRounds "6"]
[EventType "team-swiss"]
[EventDate "2022.03.24"]

1. e4 c5 2. Nf3 g6 3. d4 cxd4 4. Nxd4 Nf6 5. e5 Qa5+ 6. Nc3 Qxe5+ 7. Be3 Nc6 8.
Be2 Bg7 9. Qd2 Ne4 10. Nxc6 dxc6 11. Nxe4 Qxe4 12. O-O-O O-O 13. Bf3 Qe5 14.
Bd4 Qxd4 15. Qxd4 Bxd4 16. Rxd4 e5 17. Rd2 Be6 18. b3 Rfe8 19. g4 Re7 20. g5
Kf8 21. h4 Ke8 22. h5 Rd8 23. hxg6 fxg6 24. Re2 Bd5 25. Bxd5 cxd5 26. Rhe1 e4
27. f3 Rd6 28. fxe4 Rde6 29. e5 Ra6 30. a4 Kd7 31. Kd2 Ke6 32. Rf1 Rc6 33. Rf6+
Kd7 34. Rxc6 bxc6 35. Kd3 Ke6 36. Kd4 Rf7 37. Rh2 Rc7 38. b4 a5 39. c3 Ra7 40.
Ra2 axb4 41. cxb4 Ra6 42. a5 Kf5 43. Rg2 Ra8 44. Rg1 Rb8 45. Kc5 Kxe5 46. Kxc6
Rxb4 47. a6 Rc4+ 48. Kb7 Rb4+ 49. Kc6 Ra4 50. Kb7 Kf5 51. a7 d4 52. a8=Q Rxa8
53. Kxa8 d3 54. Kb7 d2 55. Kc6 d1=Q 56. Rxd1 Kxg5 57. Kd5 Kf4 1/2-1/2

[Event "DVM U12 2021"]
[Site "Naumburg (Saale) GER"]
[Date "2022.03.28"]
[Round "6"]
[White "Wolf, Anna"]
[Black "Uhl, Henry"]
[Result "0-1"]
[Termination "normal"]
[Board "8.3"]
[WhiteElo "1205"]
[BlackElo "1301"]
[WhiteTeam "Vorwärts Orient Mainz"]
[BlackTeam "SC Postbauer-Heng e.V."]
[WhiteFideId "34616993"]
[BlackFideId "34616047"]
[EventCountry "GER"]
[EventRounds "6"]
[EventType "team-swiss"]
[EventDate "2022.03.24"]

1. e4 c5 2. Nf3 Nc6 3. d4 cxd4 4. Nxd4 g6 5. Nc3 Bg7 6. Be3 Nf6 7. Bb5 O-O 8.
O-O a6 9. Ba4 Ne5 10. Bb3 d6 11. Qd2 Neg4 12. Bg5 Qb6 13. h3 Ne5 14. Be3 Qc7
15. a4 Bd7 16. Rac1 Qc8 17. f3 Nh5 18. Bf2 Kh8 19. Nd5 Qd8 20. Ne2 Bxh3 21. Bb6
Qd7 22. gxh3 Qxh3 23. Rf2 Nxf3+ 24. Rxf3 Qxf3 25. Re1 Qg4+ 26. Kf1 f5 27. Nef4
Ng3+ 28. Kf2 Nxe4+ 29. Rxe4 fxe4 30. Be3 e5 31. Bc4 exf4 32. Nxf4 g5 33. Be2
Qh4+ 34. Kf1 gxf4 35. Bf2 Qh1+ 36. Bg1 f3 37. Bd1 f2 38. Qe3 fxg1=Q+ 39. Ke2
Qe1# 0-1

[Event "DVM U12 2021"]
[Site "Naumburg (Saale) GER"]
[Date "2022.03.28"]
[Round "6"]
[White "Cwiklik, Julian"]
[Black "Weidemann, Max"]
[Result "1-0"]
[Termination "normal"]
[Board "8.4"]
[WhiteElo "1255"]
[BlackElo "947"]
[WhiteTeam "SC Postbauer-Heng e.V."]
[BlackTeam "Vorwärts Orient Mainz"]
[WhiteFideId "34607684"]
[BlackFideId "34617000"]
[EventCountry "GER"]
[EventRounds "6"]
[EventType "team-swiss"]
[EventDate "2022.03.24"]

1. e4 e5 2. Nf3 Nc6 3. Bc4 Bc5 4. c3 Nf6 5. d4 exd4 6. e5 d5 7. Bb5 Ne4 8. cxd4
Bb4+ 9. Bd2 Bxd2+ 10. Nbxd2 Bd7 11. Qc2 a6 12. Ba4 b5 13. Bb3 Ne7 14. Bxd5 Nxd5
15. Qxe4 Be6 16. O-O O-O 17. a3 Qd7 18. Ng5 Bf5 19. Qh4 h6 20. Nge4 c6 21. Nc5
Qe7 22. Qxe7 Nxe7 23. f4 Rfd8 24. Nf3 Nd5 25. g3 Ne3 26. Rf2 Bg4 27. Nb7 Rd7
28. Nd6 Nf5 29. Nxf5 Bxf5 30. Kg2 Be4 31. Re1 Bxf3+ 32. Kxf3 Rxd4 33. Rc2 Rc8
34. Rec1 Rd3+ 35. Kg4 Rb3 36. h4 Re8 37. Rxc6 Re6 38. Rxe6 fxe6 39. Rc6 Kf7 40.
Rxa6 Rxb2 41. Rb6 Rb3 42. f5 exf5+ 43. Kxf5 Rf3+ 44. Kg4 Rxa3 45. Rxb5 Re3 46.
Kf4 Re1 47. Rb3 Ke6 48. Rb5 Rf1+ 49. Kg4 Rf5 50. Rb6+ Kxe5 51. Rb5+ Kf6 52.
Rxf5+ Kg6 53. h5+ Kh7 54. Ra5 Kh8 55. Ra7 Kh7 56. Kf5 Kh8 57. Kg6 Kg8 58. Ra8#
1-0

[Event "DVM U12 2021"]
[Site "Naumburg (Saale) GER"]
[Date "2022.03.28"]
[Round "6"]
[White "Burlutskaia, Maria"]
[Black "Rudolph, Konrad"]
[Result "1-0"]
[Termination "normal"]
[Board "9.1"]
[WhiteElo "1420"]
[BlackElo "1321"]
[WhiteTeam "Tischtennisclub Grün-Weiß Fritzdorf 1958 e. V."]
[BlackTeam "SC Leipzig-Lindenau"]
[WhiteFideId "34607137"]
[BlackFideId "34607668"]
[EventCountry "GER"]
[EventRounds "6"]
[EventType "team-swiss"]
[EventDate "2022.03.24"]

1. e4 Nf6 2. e5 Nd5 3. d4 d6 4. Nf3 dxe5 5. dxe5 Bg4 6. Be2 Nc6 7. b3 e6 8. Bb2
Bb4+ 9. Nfd2 Bf5 10. Bg4 Bg6 11. O-O Qg5 12. Bf3 O-O-O 13. Bxd5 Rxd5 14. f4 Qf5
15. c4 Rd7 16. a3 Bc5+ 17. Kh1 Rhd8 18. b4 Bd4 19. Bxd4 Rxd4 20. g4 Qe4+ 21.
Nxe4 Rxd1 22. Nbc3 Rxa1 23. Rxa1 Bxe4+ 24. Nxe4 Rd4 25. Re1 Rxc4 26. f5 exf5
27. gxf5 Nxe5 28. f6 gxf6 29. Nxf6 Nd3 30. Re8# 1-0